Catálogo

Neonatología 2 : (Registro nro. 41662)

Detalles MARC
000 -LEADER
fixed length control field 01527cam a2200349 i 4500
001 - CONTROL NUMBER
control field 41662
003 - CONTROL NUMBER IDENTIFIER
control field Mx-PuUPA
005 - DATE AND TIME OF LATEST TRANSACTION
control field 20231110084730.0
008 - FIXED-LENGTH DATA ELEMENTS--GENERAL INFORMATION
fixed length control field 140415s2007 mx ad fr 000 0 spa d
020 ## - INTERNATIONAL STANDARD BOOK NUMBER
International Standard Book Number 9789706559913
040 ## - CATALOGING SOURCE
Transcribing agency Mx-PuUPA
Original cataloging agency Mx-PuUPA
Language of cataloging spa
Modifying agency Mx-PuUPA
Description conventions rda
041 0# - LANGUAGE CODE
Language code of text/sound track or separate title spa
245 10 - TITLE STATEMENT
Title Neonatología 2 :
Remainder of title Programa de Actualización Continua en Neonatología /
Statement of responsibility, etc. Dr. Javier Mancilla Ramírez, coordinador de la serie ; Federación Nacional de Neonatología, Consejo Mexicano de Certificación en Pediatría, Sección Neonatología
246 3# - VARYING FORM OF TITLE
Title proper/short title PAC® :
Remainder of title neonatología 2 : Programa de Actualización Continua en Neonatología
250 ## - EDITION STATEMENT
Edition statement Primera edición
264 #1 - PRODUCTION, PUBLICATION, DISTRIBUTION, MANUFACTURE, AND COPYRIGHT NOTICE
Place of production, publication, distribution, manufacture México, D.F. :
Name of producer, publisher, distributor, manufacturer Intersistemas Editores,
Date of production, publication, distribution, manufacture, or copyright notice 2007
300 ## - PHYSICAL DESCRIPTION
Extent 750 páginas :
Other physical details ilustraciones, diagramas, tablas ;
Dimensions 28 cm
336 ## - CONTENT TYPE
Fuente rdacontent
Content type term texto
Content type code txt
336 ## - CONTENT TYPE
Fuente rdacontent
Content type term imagen fija
Content type code sti
337 ## - MEDIA TYPE
Source rdamedia
Media type term sin medio
Media type code n
338 ## - CARRIER TYPE
Source rdacarrier
Carrier type term volumen
Carrier type code nc
490 0# - SERIES STATEMENT
Series statement PAC®
650 #7 - SUBJECT ADDED ENTRY--TOPICAL TERM
Topical term or geographic name entry element Neonatología
Source of heading or term armarc
650 #7 - SUBJECT ADDED ENTRY--TOPICAL TERM
Topical term or geographic name entry element Niños recién nacidos
General subdivision Enfermedades
-- Tratamiento
700 1# - ADDED ENTRY--PERSONAL NAME
Personal name Mancilla Ramírez, Javier,
9 (RLIN) 15105
Relator term coordinador
710 2# - ADDED ENTRY--CORPORATE NAME
Corporate name or jurisdiction name as entry element Federación Nacional de Neonatología de México
Relator term editor
710 2# - ADDED ENTRY--CORPORATE NAME
Corporate name or jurisdiction name as entry element Consejo Mexicano de Certificación en Pediatría,
Subordinate unit Sección Neonatología
Relator term editor
942 ## - ADDED ENTRY ELEMENTS (KOHA)
Source of classification or shelving scheme Dewey Decimal Classification
Koha item type Libro
Classification part 618.9201
Item part N438
Existencias
Withdrawn status Lost status Source of classification or shelving scheme Damaged status Not for loan Collection code Home library Current library Shelving location Date acquired Source of acquisition Total Checkouts Full call number Barcode Date last seen Date last checked out Price effective from Koha item type
    Dewey Decimal Classification     General Biblioteca Karol Wojtyla Biblioteca Karol Wojtyla Sala general 03/12/2013 Donación 1 618.9201 N438 2007 62815 05/01/2026 12/10/2024 03/12/2013 Libro